Las capitulaciones para la entrega de Granada / (Record no. 70779)

MARC details
000 -LEADER
campo de control de longitud fija 00548nam a2200169 i 4500
001 - NÚMERO DE CONTROL
campo de control 70779
003 - IDENTIFICADOR DE NÚMERO DE CONTROL
campo de control ES-MaACL
005 - FECHA Y HORA DE LA ÚLTIMA TRANSACCIÓN
campo de control 20230906170923.0
007 - CAMPO FIJO DE DESCRIPCIÓN FÍSICA--INFORMACIÓN GENERAL
campo de control de longitud fija t|
008 - DATOS DE LONGITUD FIJA--INFORMACIÓN GENERAL
campo de control de longitud fija 040802s1910 sp ||||1| spa d
100 1# - ENTRADA PRINCIPAL--NOMBRE DE PERSONA
Nombre de persona Garrido Atienza, Miguel.
9 (RLIN) 55688
245 14 - MENCIÓN DEL TÍTULO
Título Las capitulaciones para la entrega de Granada /
Mención de responsabilidad, etc. por Miguel Garrido Atienza.
260 ## - PUBLICACIÓN, DISTRIBUCIÓN, ETC.
Lugar de publicación, distribución, etc. Granada :
Nombre del editor, distribuidor, etc. [s.n.,
Fecha de publicación, distribución, etc. 1910] (
Fabricante Paulino Ventura Traveset)
300 ## - DESCRIPCIÓN FÍSICA
Extensión 335 p. ;
Dimensiones 34 cm.
651 #4 - PUNTO DE ACCESO ADICIONAL DE MATERIA--NOMBRE GEOGRÁFICO
Nombre geográfico Granada (Reino)-
Subdivisión general Historia-
Subdivisión cronológica 1483-1492 (Conquista)
9 (RLIN) 144014
852 ## - LOCALIZACIÓN
Ubicación ES-MaACL
Número de control de estantería B-12009
Holdings
Estatus retirado Estado de pérdida Estado de daño No para préstamo Biblioteca de origen Biblioteca actual Ubicación en estantería Fecha de adquisición Fuente de adquisición Total de préstamos Signatura topográfica completa Código de barras Visto por última vez Precio de reemplazo Tipo de ítem Koha
        Biblioteca del Ateneo de Madrid Biblioteca del Ateneo de Madrid Sala Pardo Bazán 17/01/2008     B-12009 1074109 23/02/2023 23/02/2023 Libro impreso